01445nam a22002177a 4500003000400000005001700004008004100021017004400062020001800106040002400124100001900148245009800167260003100265300002000296504003600316505067600352650004901028650005001077650005501127650004501182OSt20181108161948.0181108e201806 spc |||||||||0 |cspa|d aDL B 6496-2018bBiblioteca de Catalunya a9788499928302 aES-BaURLbcatcCDMR1 aPaso, Ana del,10aReporteras españolas, testigos de guerra b: de las pioneras a las actuales /cAna del Paso aBarcelona :bDebate,c2018 a333 p. ;c23 cm aBibliografia: pàgines 327-3328 aConté informació biogràfica i els testimonis de les següents periodistes: Almudena Ariza, Ángeles Espinosa, Beatriz Mesa, Berna González Harbour, Carmen Postigo, Carmen Sarmiento, Corina Miranda, Ana Alba, Cristina Sánchez, Esther Vázquez, Ethel Bonet, Georgina Higueras, Gloria del Campo, Gemma Parellada, Laura Jiménez Varo, Leticia Álvarez, Lola Bañón, María Dolores Masana, Maruja Torres, Maysun, Mayte Carrasco, Mercedes Gallego, Mònica Bernabé, Mónica G. Prieto, Naiara Galarraga, Natalia Sancha, Olga Rodríguez, Pilar Requena, Trinidad Deiros, Yolanda Sobero, Rosa Meneses, Rosa María Calaf, Teresa Aranguren i Yolanda Álvarez 7aDones periodisteszEspanyaxBiografia2lemac 7aDones periodisteszEspanyaxHistòria2lemac07aCorresponsals de guerrazEspanyaxBiografia2lemac 7aGuerraxCobertura periodística2lemac